| 000 | 00865cab a2200253 4500 | ||
|---|---|---|---|
| 001 | ABS58149 | ||
| 008 | 090401t1998 xxu||||| |||| 00| 0 eng d | ||
| 035 | _a(Sirsi) u83198 | ||
| 041 | _aeng | ||
| 245 | _aFocus: Oxfordshire and Warwickshire | ||
| 260 | _c1998 | ||
| 350 | _a0 | ||
| 490 |
_aEstates Gazette _v(9802) 10 January 1998, 83-111(15) |
||
| 520 | _aSurvey of the office, industrial, retail and leisure property markets in Oxfordshire and Warwickshire. | ||
| 650 | _aINDUSTRIAL MARKET | ||
| 650 | _aLEISURE MARKET | ||
| 650 | _aPROPERTY-COMMERCIAL PROPERTY-OFFICE PROPERTY-OFFICE PROPERTY MARKET | ||
| 650 | _aOXFORDSHIRE | ||
| 650 | _aPROPERTY-COMMERCIAL PROPERTY-RETAIL PROPERTY-RETAIL PROPERTY MARKET | ||
| 650 | _aWARWICKSHIRE | ||
| 690 | _aPROPERTY-COMMERCIAL PROPERTY-COMMERCIAL PROPERTY MARKET | ||
| 942 | _n0 | ||
| 948 | _c20/01/1998 | ||
| 999 |
_c52537 _d52537 |
||